| 000 | 00496nam a2200181Ia 4500 | ||
|---|---|---|---|
| 999 |
_c5575 _d5575 |
||
| 020 | _a81-261-0240-3 | ||
| 082 | _a954 ARY- | ||
| 245 | 0 | _aAryans and the development of Indian civilization | |
| 260 |
_aNew Delhi _bAnmol Publications _c1999 |
||
| 300 | _a270 | ||
| 440 | _aSurvey of ancient India series | ||
| 504 | _aincludes bibliography | ||
| 650 |
_aIndia _vHistory |
||
| 650 |
_aCivilization, Hindu _vHistory |
||
| 650 |
_aIndo-Aryans _vHistory _zIndia |
||
| 700 | _aRaj Kumar | ||
| 942 | _cBK | ||